000 00369nam a22001577a 4500
003 OSt
005 20211007115505.0
008 211007b |||||||| |||| 00| 0 eng d
040 _cHU
082 _a155.4/WES
100 _aFRANK WESLEY
_911212
245 _aCHILDREARING PSYCHOLOGY
260 _aNEW YORK
_bBEHAVIORAL
_c1971
300 _a243P
942 _2ddc
_cBOOKS
_n0
999 _c10361
_d10361